| 000 | 00756nam a2200253 i 4500 | ||
|---|---|---|---|
| 001 | bg | ||
| 100 | 1 | _aDomnik, Irena. | |
| 245 | 1 | 0 |
_aZbiór zadań z topologii ogólnej z rozwiązaniami / _cIrena Domnik, Zofia Lewandowska. |
| 260 |
_aSłupsk : _bWydawnictwo Naukowe Akademii Pomorskiej, _c2008. |
||
| 300 |
_a261, [2] s. ; _c25 cm. |
||
| 504 | _aBibliogr. s. [263]. | ||
| 650 | 9 | _aTopologia ogólna | |
| 655 | _aĆwiczenia i zadania dla szkół wyższych | ||
| 700 | 1 |
_aLewandowska, Zofia _c(matematyk). |
|
| 015 | _aPB 30318/2008 | ||
| 020 | _a9788374670333 | ||
| 040 | _cBPK | ||
| 041 | _apol | ||
| 044 | _aPOL | ||
| 080 | _a515.1(075.8)(076) | ||
| 920 | _a978-83-7467-033-3 | ||
| 942 | _cKS | ||
| 008 | 090511s2008 pl |000 0 pol | ||
| 999 |
_c56336 _d56336 |
||
| 856 |
_uhttp://koha.tu.koszalin.pl/cgi-bin/koha/opac-detail.pl?biblionumber=56336 _yKatalog online BPK |
||